تحولات النظم البنائية في تشكيل بعد ما بعد الحداثة / (رقم التسجيلة. 146466)
[ عرض عادي ]
| 000 -LEADER | |
|---|---|
| fixed length control field | 00569nam a22001817a 4500 |
| 005 - DATE AND TIME OF LATEST TRANSACTION | |
| control field | 20251108175946.0 |
| 008 - FIXED-LENGTH DATA ELEMENTS--GENERAL INFORMATION | |
| fixed length control field | 250721s2021 xx 000 0 ara d |
| 082 14 - DEWEY DECIMAL CLASSIFICATION NUMBER | |
| Classification number | 700.1/جبا |
| 100 1# - MAIN ENTRY--PERSONAL NAME | |
| Personal name | جبار، فاديه عقيل |
| 245 10 - TITLE STATEMENT | |
| Title | تحولات النظم البنائية في تشكيل بعد ما بعد الحداثة / |
| 264 1# - PRODUCTION, PUBLICATION, DISTRIBUTION, MANUFACTURE, AND COPYRIGHT NOTICE | |
| Place of production, publication, distribution, manufacture | عمان : |
| Name of producer, publisher, distributor, manufacturer | كفاءة المعرفة، |
| Date of production, publication, distribution, manufacture, or copyright notice | 2021. |
| 300 ## - PHYSICAL DESCRIPTION | |
| Extent | 249ص. |
| 650 17 - SUBJECT ADDED ENTRY--TOPICAL TERM | |
| Topical term or geographic name as entry element | الفنون الحديثة |
| 650 17 - SUBJECT ADDED ENTRY--TOPICAL TERM | |
| Topical term or geographic name as entry element | فلسفة الفن |
| 650 17 - SUBJECT ADDED ENTRY--TOPICAL TERM | |
| Topical term or geographic name as entry element | الحداثة |
| 942 ## - ADDED ENTRY ELEMENTS (KOHA) | |
| Source of classification or shelving scheme | Dewey Decimal Classification |
| Koha item type | كتب |
| حالة السحب | حالة الفقدان | مصدر التصنيف | حالة التلف | غير قابل للإعارة | المكتبة الرئيسية | المكتبة الحالية | موقع الرف | تاريخ التزويد | الرقم المتسلسل | Total Checkouts | رقم الإستدعاء | الباركود | تاريخ آخر ظهور | تاريخ الفاتورة | نوع المادة (كوها) |
|---|---|---|---|---|---|---|---|---|---|---|---|---|---|---|---|
| Dewey Decimal Classification | المكتبة المركزية | المكتبة المركزية | الإعارة | 28/07/2025 | 1786877 | 700.1/جبا | PLD00509775 | 28/07/2025 | 28/07/2025 | كتب | |||||
| Dewey Decimal Classification | مكتبة أبو علندا العامة | مكتبة أبو علندا العامة | الإعارة | 06/08/2024 | 1786884 | 700.1/جبا | PLD00511353 | 28/07/2025 | 06/08/2024 | كتب | |||||
| Dewey Decimal Classification | مكتبة أم قصير والمقابلين العامة | مكتبة أم قصير والمقابلين العامة | الإعارة | 06/08/2024 | 1786881 | 700.1/جبا | PLD00511350 | 28/07/2025 | 06/08/2024 | كتب | |||||
| Dewey Decimal Classification | مكتبة الأميرة ايمان العامة | مكتبة الأميرة ايمان العامة | الإعارة | 06/08/2024 | 1786878 | 700.1/جبا | PLD00511347 | 28/07/2025 | 06/08/2024 | كتب | |||||
| Dewey Decimal Classification | مكتبة الاميرة بديعة | مكتبة الاميرة بديعة | الإعارة | 06/08/2024 | 1786882 | 700.1/جبا | PLD00511351 | 28/07/2025 | 06/08/2024 | كتب | |||||
| Dewey Decimal Classification | مكتبة الجويدة | مكتبة الجويدة | الإعارة | 06/08/2024 | 1786885 | 700.1/جبا | PLD00511354 | 28/07/2025 | 06/08/2024 | كتب | |||||
| Dewey Decimal Classification | مكتبة الحسن العامة | مكتبة الحسن العامة | الإعارة | 06/08/2024 | 1786883 | 700.1/جبا | PLD00511352 | 28/07/2025 | 06/08/2024 | كتب | |||||
| Dewey Decimal Classification | مكتبة حمزة العامة | مكتبة حمزة العامة | الإعارة | 06/08/2024 | 1786886 | 700.1/جبا | PLD00511355 | 28/07/2025 | 06/08/2024 | كتب | |||||
| Dewey Decimal Classification | مكتبة صويلح العامة | مكتبة صويلح العامة | الإعارة | 06/08/2024 | 1786880 | 700.1/جبا | PLD00511349 | 28/07/2025 | 06/08/2024 | كتب | |||||
| Dewey Decimal Classification | مكتبة وادي السير العامة | مكتبة وادي السير العامة | الإعارة | 06/08/2024 | 1786879 | 700.1/جبا | PLD00511348 | 28/07/2025 | 06/08/2024 | كتب |